| 000 | 03564cam a22003738i 4500 | ||
|---|---|---|---|
| 001 | 21411700 | ||
| 003 | CSPC | ||
| 005 | 20250807090023.0 | ||
| 008 | 200131s2020 nju b 001 0 eng | ||
| 010 | _a 2020005294 | ||
| 020 |
_a9781119053651 _q(hardback) |
||
| 035 | _a21411700 | ||
| 040 |
_aDLC _beng _erda _cDLC _dCSPC |
||
| 042 | _apcc | ||
| 050 | 0 | 0 |
_aTA355 _b.A533 2020 |
| 082 | 0 | 0 |
_a620.3 _bAn231i _223 |
| 100 | 1 |
_aAnderson, Ron J. _q(Ron James), _d1950- _eauthor. |
|
| 245 | 1 | 0 |
_aIntroduction to mechanical vibrations / _cRonald J. Anderson. |
| 263 | _a2006 | ||
| 264 | 1 |
_aHoboken, New Jersey : _bJohn Wiley & Sons, Ltd, _c2020. |
|
| 300 |
_axv, 268 pages : _billustrations ; _c25 cm. |
||
| 336 |
_atext _btxt _2rdacontent |
||
| 337 |
_aunmediated _bn _2rdamedia |
||
| 338 |
_avolume _bnc _2rdacarrier |
||
| 500 | _aIncludes index. | ||
| 505 | 0 | _aThe transition from dynamics to vibrations -- Single degree of freedom systems - modeling -- Single degree of freedom systems - free vibrations -- SDOF systems - forced vibrations - response to initial -- SDOF systems - steady state forced vibrations -- Damping -- Systems with more than one degree of freedom -- Continuous systems -- Finite elements -- The inerter -- Analysis of experimental data -- Topics in vibrations -- Appendix A: Least squares curve fitting -- Appendix B: Moments of inertia. | |
| 520 |
_a"An in-depth introduction to the foundations of vibrations for students of mechanical engineering For students pursuing their education in Mechanical Engineering, An Introduction to Mechanical Vibrations is a definitive resource. The text extensively covers foundational knowledge in the field and uses it to lead up to and include: finite elements, the inerter, Discrete Fourier Transforms, flow-induced vibrations, and self-excited oscillations in rail vehicles. The text aims to accomplish two things in a single, introductory, semester-length, course in vibrations. The primary goal is to present the basics of vibrations in a manner that promotes understanding and interest while building a foundation of lnowledge in the field. The secondary goal is to give students a good understanding of two topics that are ubiquitous in today's engineering workplace - finite element analysis (FEA) and Discrete Fourier Transforms (the DFT- most often seen in the form of the Fast Fourier Transform or FFT). FEA and FFT software tools are readily available to both students and practicing engineers and they need to be used with understanding and a degree of caution. While these two subjects fit nicely into vibrations, this book presents them in a way that emphasizes understanding of the underlying principles so that students are aware of both the power and the limitations of the methods. In addition to covering all the topics that make up an introductory knowledge of vibrations, the book includes: End of chapter exercises to help students review key topics and definitions? Access to sample data files, software, and animations via a dedicated website"-- _cProvided by publisher. |
||
| 650 | 0 |
_aVibration _vTextbooks. |
|
| 776 | 0 | 8 |
_iOnline version: _aAnderson, Ron J. (Ron James), 1950- _tIntroduction to mechanical vibrations _dHoboken, NJ, USA : John Wiley & Sons Ltd., 2020. _z9781119053637 _w(DLC) 2020005295 |
| 906 |
_a7 _bcbc _corignew _d1 _eecip _f20 _gy-gencatlg |
||
| 942 |
_2ddc _cBK _e23 _h620.3 _iAn231i _kENG _m2020 _n0 |
||
| 999 |
_c29912 _d29912 |
||